| 000 | 01251cam a22003617i 4500 | ||
|---|---|---|---|
| 999 |
_c127 _d127 |
||
| 001 | 18549261 | ||
| 003 | OSt | ||
| 005 | 20200310215720.0 | ||
| 008 | 150331t20162016pauac b 001 0 eng | ||
| 010 | _a 2015937542 | ||
| 020 | _a9780803639454 | ||
| 020 | _a0803639457 | ||
| 040 |
_aNLM _beng _cNLM _erda _dYDXCP _dBTCTA _dVYD _dOLL _dLTSCA _dOCLCF _dEEK _dCNNWL _dIAX _dDLC _dKABLIB |
||
| 082 | 0 | 4 |
_a610.730699 _223 _bBOY |
| 100 | 1 |
_aBoynton, Beth. _eauthor. _9467 |
|
| 245 | 1 | 0 |
_aSuccessful nurse communication : _bsafe care, healthy workplaces, & rewarding careers / _cBeth Boynton, |
| 264 | 1 |
_aPhiladelphia, PA : _bF.A. Davis Company, _c[2016] |
|
| 264 | 4 | _c©2016 | |
| 300 |
_axv, 224 p : _bill ; _c23 cm |
||
| 500 | _a Includes index[216-224p]. | ||
| 504 | _aIncludes bibliographical references | ||
| 650 | 0 |
_aCommunication in nursing. _9468 |
|
| 650 | 0 |
_aNursing _xMethods. _9469 |
|
| 650 | 0 |
_aNurse and patient. _9470 |
|
| 650 | 1 | 2 |
_aNursing _xmethods _9471 |
| 650 | 1 | 2 |
_aCommunication _9472 |
| 650 | 2 | 2 |
_aNurse-Patient Relations _9473 |
| 650 | 7 |
_aCommunication in nursing. _2fast _9468 |
|
| 650 | 7 |
_aNurse and patient. _2fast _0(OCoLC)fst01041457 _9470 |
|
| 650 | 7 |
_aNursing. _2fast _9145 |
|
| 655 | 7 |
_aMethods (Music) _2fast _9474 |
|
| 942 |
_2ddc _cBOOK |
||